Normal view
MARC view
Entry Topical Term
001 - CONTROL NUMBER
- control field: 24222
003 - CONTROL NUMBER IDENTIFIER
- control field: ARRUPE
005 - DATE AND TIME OF LATEST TRANSACTION
- control field: 20160428111755.0
008 - FIXED-LENGTH DATA ELEMENTS
- fixed length control field: 160428|| aca||aabn | a|a d
040 ## - CATALOGING SOURCE
- Original cataloging agency: ARRUPE
- Transcribing agency: ARRUPE
150 ## - HEADING--TOPICAL TERM
- Topical term or geographic name as entry element: Actors
- General subdivision: Correspondence
670 ## - SOURCE DATA FOUND
- Source citation: Work cat.: (ARRUPE)0: Stanislavsky, Konstantin, 1863-1938. 23522, My life in art, 1996.